Bí quyết thành công trong chăn nuôi gà

Kaydedildi:
Detaylı Bibliyografya
Yazar: Nguyễn, Hữu Vũ
Materyal Türü: Kitap
Dil:Undetermined
Baskı/Yayın Bilgisi: Hà Nội Nông nghiệp 2003
Konular:
Etiketler: Etiketle
Etiket eklenmemiş, İlk siz ekleyin!
Thư viện lưu trữ: Trung tâm Học liệu Trường Đại học Cần Thơ
LEADER 00578nam a2200193Ia 4500
001 CTU_98098
008 210402s9999 xx 000 0 und d
020 |c 7000 
082 |a 636.5 
082 |b V500 
100 |a Nguyễn, Hữu Vũ 
245 0 |a Bí quyết thành công trong chăn nuôi gà 
245 0 |c Nguyễn Hữu Vũ, Nguyễn Đức Lưu 
260 |a Hà Nội 
260 |b Nông nghiệp 
260 |c 2003 
650 |a Animal husbandry,Poultry 
904 |i Tuyến 
980 |a Trung tâm Học liệu Trường Đại học Cần Thơ